Provinces of Piedmont Map Quiz - Statistics

General Stats
  • This quiz has been taken 171 times
    164 since last reset
  • The average score is 6 of 8
Answers on the Map
Answers color-coded by a green-red scale on the quiz's map according to % correct below.
 
Answer Stats
Provincia % Correct
Turin
96%
Alessandria
82%
Asti
78%
Cuneo
77%
Novara
72%
Vercelli
62%
Biella
59%
Verbano-Cusio-Ossola
51%
No matching quizzes found
Score Distribution
Percent of People with Each Score
Percentile by Number Answered
Your Score History
You have not taken this quiz since the last reset